Радиоволновой, тепловой контроль и диагностика: лабораторный практикум; учебно-методическое пособие
| Müşterek Yazar: | |
|---|---|
| Diğer Yazarlar: | |
| Özet: | Заглавие с титульного экрана Электронная версия печатной публикации В данном пособии изложено описание лабораторных работ и методические указания к их выполнению "Радиоволновой, тепловой контроль и диагностика", раздел "Радиоволновой контроль". Содержанием работ №№ 1-5 является исследование элементов техники сверхвысоких частот (СВЧ) и приобретение практических навыков радиоизмерений, составляющих базу радиоволнового контроля. Работы №№ 6-10 посвящены решению задач неразрушающего контроля радиоволновым методом. Предназначено для студентов, обучающихся по специальности 200102 “Приборы и методы контроля качества и диагностики” 200100 “Приборостроение”. Режим доступа: из корпоративной сети ТПУ |
| Dil: | Rusça |
| Baskı/Yayın Bilgisi: |
Томск, Изд-во ТПУ, 2014
|
| Konular: | |
| Online Erişim: | http://www.lib.tpu.ru/fulltext2/m/2015/m160.pdf |
| Materyal Türü: | Elektronik Kitap |
| KOHA link: | https://koha.lib.tpu.ru/cgi-bin/koha/opac-detail.pl?biblionumber=296575 |
MARC
| LEADER | 00000nlm0a2200000 4500 | ||
|---|---|---|---|
| 001 | 296575 | ||
| 005 | 20240118140917.0 | ||
| 035 | |a (RuTPU)RU\TPU\book\321683 | ||
| 035 | |a RU\TPU\book\302274 | ||
| 090 | |a 296575 | ||
| 100 | |a 20150601d2014 m y0rusy50 ca | ||
| 101 | 0 | |a rus | |
| 102 | |a RU | ||
| 105 | |a a j 001zy | ||
| 135 | |a drcn ---uucaa | ||
| 181 | 0 | |a i | |
| 182 | 0 | |a b | |
| 200 | 1 | |a Радиоволновой, тепловой контроль и диагностика |e лабораторный практикум |e учебно-методическое пособие |f Национальный исследовательский Томский политехнический университет (ТПУ) ; сост. В. П. Шиян | |
| 203 | |a Текст |c электронный | ||
| 210 | |a Томск |c Изд-во ТПУ |d 2014 | ||
| 300 | |a Заглавие с титульного экрана | ||
| 300 | |a Электронная версия печатной публикации | ||
| 330 | |a В данном пособии изложено описание лабораторных работ и методические указания к их выполнению "Радиоволновой, тепловой контроль и диагностика", раздел "Радиоволновой контроль". Содержанием работ №№ 1-5 является исследование элементов техники сверхвысоких частот (СВЧ) и приобретение практических навыков радиоизмерений, составляющих базу радиоволнового контроля. Работы №№ 6-10 посвящены решению задач неразрушающего контроля радиоволновым методом. Предназначено для студентов, обучающихся по специальности 200102 “Приборы и методы контроля качества и диагностики” 200100 “Приборостроение”. | ||
| 333 | |a Режим доступа: из корпоративной сети ТПУ | ||
| 337 | |a Adobe Reader | ||
| 606 | 1 | |a Тепловой неразрушающий контроль |2 stltpush |3 (RuTPU)RU\TPU\subj\68690 |9 83866 | |
| 610 | 1 | |a электронный ресурс | |
| 610 | 1 | |a труды учёных ТПУ | |
| 610 | 1 | |a учебно-методические пособия | |
| 610 | 1 | |a радиоволновой контроль | |
| 610 | 1 | |a диагностика | |
| 610 | 1 | |a сверхвысокие частоты | |
| 610 | 1 | |a СВЧ | |
| 610 | 1 | |a неразрушающий контроль | |
| 610 | 1 | |a лабораторные работы | |
| 610 | 1 | |a радиоизмерения | |
| 610 | 1 | |a радиоволновые методы | |
| 675 | |a 620.179.1(076.5) |v 3 | ||
| 702 | 1 | |a Шиян |b В. П. |c специалист в области контроля качества |c доцент Томского политехнического университета, старший научный сотрудник, кандидат физико-математических наук |f 1946- |g Владимир Петрович |3 (RuTPU)RU\TPU\pers\28590 |4 220 |9 13409 | |
| 712 | 0 | 2 | |a Национальный исследовательский Томский политехнический университет (ТПУ) |b Институт неразрушающего контроля (ИНК) |b Кафедра физических методов и приборов контроля качества (ФМПК) |3 (RuTPU)RU\TPU\col\18709 |
| 801 | 1 | |a RU |b 63413507 |c 20110505 | |
| 801 | 2 | |a RU |b 63413507 |c 20160615 |g RCR | |
| 856 | 4 | |u http://www.lib.tpu.ru/fulltext2/m/2015/m160.pdf | |
| 942 | |c CF | ||